| 000 | 01724cam a2200361 a 4500 | ||
|---|---|---|---|
| 001 | 14046646 | ||
| 003 | NUST | ||
| 005 | 20220509134746.0 | ||
| 008 | 050721s2006 cau 001 0 eng d | ||
| 010 | _a 2005931094 | ||
| 020 | _a0977064107 | ||
| 035 | _a(OCoLC)ocm63921879 | ||
| 038 | _awaseem | ||
| 040 |
_aLPU _cLPU _dVHC _dBAKER _dDLC |
||
| 042 | _alccopycat | ||
| 050 | 0 | 0 |
_aPN1992.8.C66 _bS43 2006 |
| 082 | 0 | 0 |
_a808.2523 _bSED |
| 100 | 1 |
_aSedita, Scott. _991390 |
|
| 245 | 1 | 4 |
_aThe eight characters of comedy : _ba guide to sitcom acting and writing / _cby Scott Sedita. |
| 246 | 3 | _a8 characters of comedy | |
| 260 |
_aLos Angeles, Calif. : _bAtides Pub., _cc2006. |
||
| 300 |
_a243 p. ; _c22 cm. |
||
| 500 | _aIncludes index. | ||
| 505 | 0 | _aWho's funny? -- Sitcom history -- Half hour technique: rhythm, words, punctuation, timing and pace, the turnaround, triplets -- Acting technique -- The four C's of comedy -- The characters: the logical smart one, the lovable loser, the neurotic, the dumb one, the bitch/bastard, the womanizer/manizer, the materialistic one, in their own universe -- Finding your comedic note -- Appendix 1: Ten rules of comedy -- Appendix 2: Who said that? -- Appendix 3: Glossary (finding the funny). | |
| 563 | _aPBK. | ||
| 650 | 0 |
_aSituation comedies (Television programs) _991391 |
|
| 650 | 0 |
_aSituation comedies (Television programs) _xAuthorship. _991392 |
|
| 650 | 0 |
_aCharacters and characteristics in literature. _991393 |
|
| 650 | 0 |
_aTelevision acting. _991394 |
|
| 906 |
_a7 _bcbc _ccopycat _d2 _eepcn _f20 _gy-gencatlg |
||
| 942 |
_2ddc _cBK |
||
| 999 |
_c589526 _d589526 |
||